| 000 | 00451nam a2200157 i 4500 | ||
|---|---|---|---|
| 001 | 77399 | ||
| 003 | ES-MaACL | ||
| 005 | 20230906173205.0 | ||
| 007 | t| | ||
| 008 | 041008s1969 sp ||||1| spa d | ||
| 100 | 1 |
_aHamman, Adalbert G. _961673 |
|
| 245 | 1 | 0 |
_aGuía práctica de los Padres de la Iglesia / _cA. Hamman. |
| 260 |
_aBilbao : _bDesclée de Brouwer, _c1969. |
||
| 300 |
_a344 p. : _bil. ; _c20 cm. |
||
| 852 |
_aES-MaACL _jC-36808 _bR.71127 |
||
| 999 |
_c77399 _d77399 |
||